Tha Carter VI - Lil Wayne (Tracklist) - Statistics

General Stats
  • This quiz has been taken 2 times
  • The average score is 4 of 19
Answer Stats
TRACKS % Correct
Sharks (with Jelly Roll & Big Sean)
100%
Alone In The Studio With My Gun (with mgk & Kodak Black)
50%
Bells
50%
Hip-Hop (with BigXthaPlug, feat. Jay Jones)
50%
Maria (feat. Andrea Bocelli & Wyclef Jean)
50%
Peanuts 2 N Elephant
50%
The Days (with Bono)
50%
Banned From NO
0%
Bein Myself (feat. Mannie Fresh)
0%
Cotton Candy (with 2 Chainz)
0%
Flex Up
0%
If I Played Guitar
0%
Island Holiday
0%
King Carter
0%
Loki's Theme
0%
Mula Komin In (with Lil Novi)
0%
Rari (with Kameron Carter)
0%
Welcome to Tha Carter
0%
Written History
0%
No matching quizzes found
Score Distribution
Percent of People with Each Score
Percentile by Number Answered
Your Score History
You have not taken this quiz